| 000 | 01225nam a22002655a 4500 | ||
|---|---|---|---|
| 003 | OSt | ||
| 005 | 20170213154037.0 | ||
| 008 | 170213s2015 ua frb 000 0 ara d | ||
| 015 | _a2014 / 8743 | ||
| 020 | _a9789770475393 | ||
| 040 |
_aEG-ScBUE _bara _cEG-ScBUE |
||
| 043 |
_af-ua--- _aa-ba--- _ae-fr--- |
||
| 082 | 0 | 4 |
_a345.025554 _bأ ح م _222 |
| 100 | 1 | _aأحمد، هلالي عبد اللاه. | |
| 245 | 1 | 2 |
_aالحماية الجنائية لحق الطفل في الحياة في النظام القانوني المصري والبحريني والفرنسي والفكر الجنائي الإسلامي : _bدراسة تحليلية تأصيلية مقارنة / _cتأليف هلالي عبد اللاه أحمد. |
| 260 |
_aالقاهرة : _bدار النهضة العربية، _c2015. |
||
| 300 |
_a468 ص. ؛ _c24 سم. |
||
| 504 | _aيشتمل على إرجاعات ببليوجرافية. | ||
| 650 | 7 |
_aالأطفال _xقوانين وتشريعات _zمصر. _2BUEsh |
|
| 650 | 7 |
_aالأطفال _xقوانين وتشريعات _zالبحرين _2BUEsh |
|
| 650 | 7 |
_aالأطفال _xقوانين وتشريعات _zفرنسا _2BUEsh |
|
| 651 | _2BUEsh | ||
| 653 |
_bLLAAWW _cFebruary2017 |
||
| 942 | _2ddc | ||
| 999 |
_c24142 _d24114 |
||